000 00422nam a2200181Ia 4500
001 519
005 20260306140523.0
008 260306t2008||||xx |||||||||||||| ||spa||
041 _aESP
082 _a121.68
_bW74A
100 _aWittgenstein, Ludwig
_eAUT
245 0 _aInvestigaciones filosóficas
260 _c2008
300 _a547 páginas :
_c20 cm.
650 _aGEN
654 _aCHU
942 _cLIB
_dJUS
_fJUS
_2ddc
_n
999 _c519
_d519